Genere irrisolto : transessuali e istituzioni carcerarie /

Saved in:
Bibliografiske detaljer
Hovedforfatter: Mele, Andrea (omonimi non identificati) (Author)
Format: Bog
Sprog:italiensk
Udgivet: Civitavecchia : Prospettiva, 2007
Serier:Costellazione Orione ; 41
Tags: Tilføj Tag
Ingen Tags, Vær først til at tagge denne postø!

MARC

LEADER 00000nam a22000007i 4500
001 IT\ICCU\RML\0170210
003 ItRI
005 20260220221740.0
008 071203s2007 it |||||| ||||| |||||c
020 |a 9788874184002 
040 |b ita  |c ct 
041 7 |a ita  |2 ISO-639-2 
100 1 |a Mele, Andrea  |c  (omonimi non identificati)  |0 IT\ICCU\RMLV\067125  |4 aut 
245 1 0 |a Genere irrisolto :  |b transessuali e istituzioni carcerarie /  |c Andrea Mele. 
260 |a Civitavecchia :  |b Prospettiva,  |c 2007 
300 |a 101 p. ;  |c 22 cm. 
830 0 |a Costellazione Orione ;  |v 41  |0 IT\ICCU\MOD\0758659 
942 |2 ddc  |c BK 
952 |0 0  |1 0  |2 ddc  |4 0  |6 B_SSR03MELANGEN11  |7 0  |9 7285  |a MI  |b MI  |d 2010-02-01  |i 5852  |l 0  |o B-SSR03-MELAN-GEN11  |p CDOM5852  |r 2025-07-13 16:28:35  |w 2025-07-13  |x ACQUISTO  |y BK 
952 |0 0  |1 0  |4 0  |6 T_305_321000000000000_MEL  |7 0  |9 20888  |a BO  |b BO  |d 2026-01-15  |i 12881  |l 0  |o T 305.321 MEL  |p BO12881  |r 2026-01-15 23:21:40  |w 2026-01-15  |x [Sebina 7] [1 v.]  |y BK  |z 1 v. 
999 |c 5992  |d 5992